000 00549nam a2200181Ia 4500
003 OSt
005 20191223133008.0
008 190216s9999||||xx |||||||||||||| ||und||
020 _a9788173815645
040 _coclc
082 _a336
_bMUK/A
100 _aMukherjee, Sampat
_9456
245 0 _aAnalytical Public Finance /
_cSampat Mukherjee ; Amitava Ghose ; Ranjanendra N Nag
260 _bNew Central Book Agencies,
_c2015.
_aLondon:
300 _a292p
650 _aEcnomics
942 _cBK
_2ddc
_h336
_iMUK/A
_k336
_mMUK/A
999 _c11323
_d11323